Estatísticas para Cultura Geral

Clique aqui para jogar o quiz

Estatísticas Gerais

  • Esse quiz foi jogado 52 vezes
  • A pontuação média é 7 de 15

Estatísticas das Respostas

HintResposta% Correto
Que fruta dá o coqueiro?Coco
93%
De que cor são os morangos?Vermelhos
85%
Que tipo de animal estereotipado repousa no ombro de um pirata?Papagaio
73%
Qual é o símbolo do ouro?Au
63%
Que nome damos a um conflito organizado e prolongado entre Estados?Guerra
63%
O que alguém se torna quando é canonizado?Santo
53%
Bolo Souza Leão é um doce típico de que país?Brasil
50%
Qual constelação está representada na bandeira australiana?Cruzeiro do Sul
48%
Que instrumento é usado para causar dano ou ferimento em seres vivos, estruturas ou sistemas?Arma
35%
Em que cidade você encontraria o Teatro Bolshoi?Moscovo
33%
A que rei judeu se credita a construção do primeiro templo de Jerusalém?Salomão
30%
Que nação africana se tornou o mais novo país independente do mundo em 2011?Sudão do Sul
30%
Qual estado dos EUA é o estado de origem da Coca-Cola?Geórgia
18%
Que palavra se refere a uma pessoa que é membro da Igreja da Inglaterra?Anglicano
15%
Qual era a comida dos deuses gregos?Ambrosia
13%

Distribuição das Pontuações

Percentil de Números Respondidos

Porcentagem de Pessoas com Cada Pontuação

Sua Pontuação Histórica

Você não jogou esse quiz